| 000 | 01303 a2200253 4500 | ||
|---|---|---|---|
| 999 |
_c6458 _d6458 |
||
| 003 | OSt | ||
| 005 | 20200210083321.0 | ||
| 008 | 140227s2013 ck d grn 000 0 spa d | ||
| 040 |
_aCO-BoUCM _cCO-JMCR |
||
| 041 | 0 | _aspa | |
| 082 | 0 | 4 |
_a362.76 / _bR299r _220 |
| 245 | 0 | 3 |
_aEl reclutamiento ilícito de niños y niñas a grupos armados ilegales : _bde la indiferencia a la barbarie y de la retórica de las políticas públicas a la prevención real del fenómeno y a su tratamiento eficaz en la administración de justicia |
| 260 |
_aBogotá : _bFundación Antonio Restrepo Barco, _c2013 |
||
| 300 |
_a293 páginas : _bgráficas, tablas ; _c28 cm. |
||
| 505 | _aContexto general del reclutamiento infantil en Colombia -- Posturas de organismos internacionales -- Respuestas a la problemática -- Posturas de organismos estatales -- Testimonios de reclutamiento | ||
| 650 |
_aNiǫs _xAsistencia social _xPolt̕ica gubernamental _zColombia _958051 |
||
| 650 | 7 |
_932081 _aConflicto armado _xAspectos sociales _zColombia |
|
| 650 | 1 | 4 |
_aAdministración de justicia penal _zColombia _958049 |
| 650 | 2 | 4 |
_aNiños (Derecho internacional) _958050 |
| 690 |
_942749 _aBienestar social |
||
| 690 |
_942900 _aProblemas sociales |
||
| 710 | 1 |
_aNoruega. _bMinisterio de Relaciones Exteriores _957426 |
|
| 942 |
_cBK _2ddc |
||